<?xml version="1.0" encoding="UTF-8"?>
<record
    xmlns:xsi="http://www.w3.org/2001/XMLSchema-instance"
    xsi:schemaLocation="http://www.loc.gov/MARC21/slim http://www.loc.gov/standards/marcxml/schema/MARC21slim.xsd"
    xmlns="http://www.loc.gov/MARC21/slim">

  <leader>02814nam a2200277 a 4500</leader>
  <controlfield tag="008">150721t2002    mx a   fr     001 0 spa d</controlfield>
  <datafield tag="020" ind1=" " ind2=" ">
    <subfield code="a">84-481-3214-9</subfield>
  </datafield>
  <datafield tag="050" ind1=" " ind2=" ">
    <subfield code="a">QA76.6 P7318 2002</subfield>
  </datafield>
  <datafield tag="100" ind1="1" ind2="0">
    <subfield code="a">PRESSMAN, Roger S.</subfield>
    <subfield code="d">,autor</subfield>
  </datafield>
  <datafield tag="240" ind1="1" ind2="0">
    <subfield code="a">Software engineering : a practitioner&#x2019;s approach. 5th ed. </subfield>
    <subfield code="l">Espa&#xF1;ol</subfield>
    <subfield code="s">5a ed. </subfield>
  </datafield>
  <datafield tag="245" ind1="1" ind2="0">
    <subfield code="a">Ingenier&#xED;a del software</subfield>
    <subfield code="b">: Un enfoque pr&#xE1;ctico</subfield>
    <subfield code="c"> / Roger S. Pressman</subfield>
  </datafield>
  <datafield tag="250" ind1=" " ind2=" ">
    <subfield code="a">5a. Edici&#xF3;n</subfield>
  </datafield>
  <datafield tag="260" ind1=" " ind2=" ">
    <subfield code="a">Madrid ; M&#xE9;xico </subfield>
    <subfield code="b">:McGraw-Hill/Interamericana de Espa&#xF1;a</subfield>
    <subfield code="c">,c2002</subfield>
  </datafield>
  <datafield tag="300" ind1=" " ind2=" ">
    <subfield code="a">XXXVII, 601 paginas</subfield>
    <subfield code="b">il.</subfield>
  </datafield>
  <datafield tag="337" ind1=" " ind2=" ">
    <subfield code="a">Texto</subfield>
  </datafield>
  <datafield tag="338" ind1=" " ind2=" ">
    <subfield code="a">Sin medio</subfield>
  </datafield>
  <datafield tag="339" ind1=" " ind2=" ">
    <subfield code="a">Volumen</subfield>
  </datafield>
  <datafield tag="500" ind1=" " ind2=" ">
    <subfield code="a">Licenciatura en Inform&#xE1;tica B&#xE1;sica / Ingenieria del Software I P12-L03 (12 002932)</subfield>
  </datafield>
  <datafield tag="500" ind1=" " ind2=" ">
    <subfield code="a">Traducci&#xF3;n de: Rafael Ojeda Mart&#xED;n</subfield>
  </datafield>
  <datafield tag="502" ind1=" " ind2=" ">
    <subfield code="a">Contiene Indice de Materias
Contiene Bibliogr&#xE1;fica
Contiene apendice</subfield>
  </datafield>
  <datafield tag="505" ind1=" " ind2=" ">
    <subfield code="a">Tabla de Contenidos:
PARTE PRIMERA: EL PRODUCTO Y EL PROCESO
CAPITULO 1. EL PRODUCTO
CAPITULO 2. EL PROCESO
- PARTE SEGUNDA: GESTION DE PROYECTOS DE SOFTWARE
CAPITULO 3. CONCEPTOS SOBRE GESTION DE PROYECTOS
CAPITULO 4. PROCESO DE SOFTWARE Y METRICAS DE PROYECTOS
CAPITULO 5. PLANIFICACION DE PROYECTOS DE SOFTWARE
CAPITULO 6. ANALISIS Y GESTION DEL RIESGO
CAPITULO 7. PLANIFICACION TEMPORAL Y SEGUIMIENTO DEL PROYECTO
CAPITULO 8. GARANTIA DE CALIDAD DEL SOFTWARE (SQA/GCS)
CAPITULO 9. GESTION DE LA CONFIGURACION DEL SOFTWARE (GCS/SCM)
- PARTE TERCERA: METODOS CONVENCIONALES PARA LA INGENIERIA
DEL SOFTWARE.
CAPITULO 10. INGENIERIA DE SISTEMAS
CAPITULO 11. CONCEPTOS Y PRINCIPIOS DEL ANALISIS
CAPITULO 12. MODELADO DEL ANALISIS
CAPITULO 13. CONCEPTOS Y PRINCIPIOS DE DISE&#xD1;O
CAPITULO 14. DISE&#xD1;O ARQUITECTONICO
CAPITULO 15. DISE&#xD1;O DE LA INTERFAZ DE USUARIO
CAPITULO 16. DISE&#xD1;O A NIVEL DE COMPONENTES
CAPITULO 17. TECNICAS DE PRUEBA DEL SOFTWARE
CAPITULO 18. ESTRATEGIAS DE PRUEBA DEL SOFTWARE
CAPITULO 19. METRICAS TECNICAS DEL SOFTWARE
- PARTE CUARTA: INENIERIA DEL SOFTWARE ORIENTADA A OBJETOS
CAPITULO 20. CONCEPTOS Y PRINCIPIOS ORIENTADOS A OBJETOS
CAPITULO 21. ANALISIS ORIENTADO A OBJETOS
CAPITULO 22. DISE&#xD1;O ORIENTADO A OBJETOS
CAPITULO 23. PRUEBAS ORIENTADAS A OBJETOS
CAPITULO 24. METRICAS TECNICAS PARA SISTEMAS ORIENTADOS
A OBJETOS.
- PARTE QUINTA: TEMAS AVANZADOS EN INGENIERIA DEL SOFTWARE
CAPITULO 25. METODOS FORMALES
CAPITULO 26. INGENIERIA DE SOFTWARE DE SALA LIMPIA
CAPITULO 27. INGENIERIA DEL SOFTWARE BASADA EN COMPONENTES
CAPITULO 28. INGENIERIA DEL SOFTWARE DEL COMERCIO ELECTRONICO
CLIENTE SERVIDOR.
CAPITULO 29. INGENIERIA WEB
CAPITULO 30. REINGENIERIA
CAPITULO 31. INGENIERIA DEL SOFTWARE ASISTIDA POR COMPUTADORA
CAPITULO 32. PERSPECTIVAS FUTURAS.</subfield>
  </datafield>
  <datafield tag="650" ind1=" " ind2=" ">
    <subfield code="a">1. INGENIER&#xCD;A DEL SOFTWARE</subfield>
  </datafield>
  <datafield tag="650" ind1=" " ind2=" ">
    <subfield code="a">2. INGENIER&#xCD;A DE SISTEMAS I</subfield>
  </datafield>
  <datafield tag="700" ind1=" " ind2=" ">
    <subfield code="a">Ojeda Martin, Rafael</subfield>
    <subfield code="b">, trad</subfield>
  </datafield>
  <datafield tag="942" ind1=" " ind2=" ">
    <subfield code="2">ddc</subfield>
    <subfield code="c">LB</subfield>
  </datafield>
  <datafield tag="952" ind1=" " ind2=" ">
    <subfield code="0">0</subfield>
    <subfield code="1">0</subfield>
    <subfield code="2">lcc</subfield>
    <subfield code="4">0</subfield>
    <subfield code="7">0</subfield>
    <subfield code="a">12</subfield>
    <subfield code="b">12</subfield>
    <subfield code="d">2015-07-21</subfield>
    <subfield code="l">0</subfield>
    <subfield code="o">QA76.6 P7318 2002</subfield>
    <subfield code="p">12 002932</subfield>
    <subfield code="r">2015-04-22</subfield>
    <subfield code="t">1</subfield>
    <subfield code="w">2012-11-01</subfield>
    <subfield code="y">LB</subfield>
  </datafield>
  <datafield tag="999" ind1=" " ind2=" ">
    <subfield code="c">87978</subfield>
    <subfield code="d">87978</subfield>
  </datafield>
</record>
